Las Majadas, puerta de la Serranía / (Record no. 179831)
[ view plain ]
| 000 -LEADER | |
|---|---|
| campo de control de longitud fija | 01195nam a2200301 i 4500 |
| 001 - NÚMERO DE CONTROL | |
| campo de control | 179831 |
| 003 - IDENTIFICADOR DE NÚMERO DE CONTROL | |
| campo de control | ES-MaACL |
| 005 - FECHA Y HORA DE LA ÚLTIMA TRANSACCIÓN | |
| campo de control | 20230926192815.0 |
| 008 - DATOS DE LONGITUD FIJA--INFORMACIÓN GENERAL | |
| campo de control de longitud fija | 120130s2009 sp abmo |||| |dspa d |
| 020 ## - NÚMERO INTERNACIONAL ESTÁNDAR DEL LIBRO | |
| Número Internacional Estándar del Libro | 978-84-92711-39-0 |
| 080 ## - NÚMERO DE LA CLASIFICACIÓN DECIMAL UNIVERSAL | |
| Número de la Clasificación Decimal Universal | 94(460.283Majadas)(089.3) |
| 100 1# - ENTRADA PRINCIPAL--NOMBRE DE PERSONA | |
| Nombre de persona | Martínez Sáez, Anastasio. |
| 9 (RLIN) | 149253 |
| 245 10 - MENCIÓN DEL TÍTULO | |
| Título | Las Majadas, puerta de la Serranía / |
| Mención de responsabilidad, etc. | Anastasio Martínez Sáez, José Luis Muñoz Martínez. |
| 246 3# - FORMA VARIANTE DEL TITULO | |
| Texto de visualización | Tít. del DVD |
| Título propio/Titulo breve | Las Majadas : memorias de un pueblo |
| 260 ## - PUBLICACIÓN, DISTRIBUCIÓN, ETC. | |
| Lugar de publicación, distribución, etc. | Cuenca : |
| Nombre del editor, distribuidor, etc. | Diputación Provincial de Cuenca, Sección de Publicaciones, |
| Fecha de publicación, distribución, etc. | 2009. |
| 300 ## - DESCRIPCIÓN FÍSICA | |
| Extensión | 299 p. : |
| Otras características físicas | il. col. y n., fot., mapa ; |
| Dimensiones | 24 cm + |
| Material acompañante/anejo | 1 DVD-Vídeo. |
| 490 1# - MENCIÓN DE SERIE | |
| Mención de serie | Historia ; |
| Designación de volumen o secuencia | 39 |
| 504 ## - NOTA DE BIBLIOGRAFÍA, ETC. | |
| Nota de bibliografía, etc. | Bibliografía: p. [291] |
| 651 #7 - PUNTO DE ACCESO ADICIONAL DE MATERIA--NOMBRE GEOGRÁFICO | |
| Nombre geográfico | Las Majadas- |
| Subdivisión de forma | Misceláneas. |
| 9 (RLIN) | 149254 |
| 651 #4 - PUNTO DE ACCESO ADICIONAL DE MATERIA--NOMBRE GEOGRÁFICO | |
| Nombre geográfico | Cuenca (Provincia)- |
| Subdivisión general | Descripción. |
| 9 (RLIN) | 137110 |
| 700 1# - ENTRADA AGREGADA--NOMBRE PERSONAL | |
| Nombre de persona | Muñoz Martínez, José Luis. |
| 9 (RLIN) | 149255 |
| 710 1# - ENTRADA AGREGADA--NOMBRE DE ENTIDAD CORPORATIVA | |
| Nombre de entidad corporativa o nombre de jurisdicción como elemento de entrada | Cuenca (Provincia). |
| Unidad subordinada | Diputación Provincial. |
| 9 (RLIN) | 3346 |
| 830 0# - PUNTO DE ACCESO ADICIONAL DE SERIE-TÍTULO UNIFORME | |
| Título uniforme | Historia ; |
| Designación de volumen o secuencia | 39 |
| 9 (RLIN) | 177536 |
| 852 ## - LOCALIZACIÓN | |
| Ubicación | ES-MaACL |
| Número de control de estantería | A-11943 |
| itemnumber | 186431 |
| Sublocalización o colección | R.146866 |
| Ubicación en estantería | Depósito 1 |
| Signatura antigua | Olim: N-4948 |
| 852 ## - LOCALIZACIÓN | |
| Ubicación | ES-MaACL |
| Número de control de estantería | ROT 2/6/32 |
| Nota libre | (DVD-Vídeo) |
| 942 ## - ELEMENTOS DE ENTRADA SECUNDARIOS (KOHA) | |
| Fuente del sistema de clasificación o colocación | Clasificación decimal universal |
| Tipo de ítem Koha | Libro impreso |
| Estatus retirado | Estado de pérdida | Fuente del sistema de clasificación o colocación | Estado de daño | No para préstamo | Biblioteca de origen | Biblioteca actual | Ubicación en estantería | Fecha de adquisición | Fuente de adquisición | Total de préstamos | Signatura topográfica completa | Código de barras | Visto por última vez | Precio de reemplazo | Tipo de ítem Koha |
|---|---|---|---|---|---|---|---|---|---|---|---|---|---|---|---|
| Clasificación decimal universal | Biblioteca del Ateneo de Madrid | Biblioteca del Ateneo de Madrid | Depósito 1 | 30/01/2012 | Donación | A-11943 | 1188921 | 23/02/2023 | 23/02/2023 | Libro impreso | |||||
| Biblioteca del Ateneo de Madrid | Biblioteca del Ateneo de Madrid | Depósito | 28/07/2014 | ROT 2/6/32 | 1192993 | 23/02/2023 | 23/02/2023 | Libro impreso |
